The Holy Quran / (Record no. 603144)
[ view plain ]
| 000 -LEADER | |
|---|---|
| fixed length control field | 00344nam a22001337a 4500 |
| 082 ## - DEWEY DECIMAL CLASSIFICATION NUMBER | |
| Classification number | 297.122 |
| Author Mark | ALI |
| 100 ## - MAIN ENTRY--PERSONAL NAME | |
| Personal name | Abdullah Yusuf Ali |
| 245 ## - TITLE STATEMENT | |
| Title | The Holy Quran / |
| Statement of responsibility, etc. | Abdullah Yusuf Ali |
| 260 ## - PUBLICATION, DISTRIBUTION, ETC. | |
| Place of publication, distribution, etc. | Lahore: |
| Name of publisher, distributor, etc. | Islamic Propagation Centre; |
| Date of publication, distribution, etc. | 1946. |
| 300 ## - PHYSICAL DESCRIPTION | |
| Extent | 1862p |
| 563 ## - BINDING INFORMATION | |
| Binding note | HB |
| 650 ## - SUBJECT ADDED ENTRY--TOPICAL TERM | |
| Topical term or geographic name entry element | Quran Majeed |
| 942 ## - ADDED ENTRY ELEMENTS (KOHA) | |
| Source of classification or shelving scheme | |
| Koha item type | Reference |
| 650 ## - SUBJECT ADDED ENTRY--TOPICAL TERM | |
| -- | 104401 |
| Withdrawn status | Lost status | Source of classification or shelving scheme | Damaged status | Not for loan | Permanent Location | Current Location | Shelving location | Date acquired | Source of acquisition | Full call number | Barcode | Date last seen | Price effective from | Koha item type |
|---|---|---|---|---|---|---|---|---|---|---|---|---|---|---|
| NUST Law School (NLS) | NUST Law School (NLS) | Reference | 09/23/2023 | Donation | 297.122 ALI | CL-D-2470 | 09/23/2023 | 09/23/2023 | Reference |
